Hàn và cắt bằng hơi

Giới thiệu các vật liệu và thiết bị dùng để hàn và cắt bằng hơi. Khái quát về hàn hơi như: ngọn lửa hàn, công nghệ hàn hơi. Trình bày về công nghệ cắt bằng oxi, cắt bằng ôxi - chất trợ dung và một số dạng cắt bằng nhiệt...

সম্পূর্ণ বিবরণ

সংরক্ষণ করুন:
গ্রন্থ-পঞ্জীর বিবরন
প্রধান লেখক: Phạm, Huy Chính
বিন্যাস: গ্রন্থ
ভাষা:Undetermined
প্রকাশিত: Hà Nội Xây dựng 2012
বিষয়গুলি:
ট্যাগগুলো: ট্যাগ যুক্ত করুন
কোনো ট্যাগ নেই, প্রথমজন হিসাবে ট্যাগ করুন!
Thư viện lưu trữ: Trung tâm Học liệu Trường Đại học Cần Thơ
LEADER 00933nam a2200205Ia 4500
001 CTU_180645
008 210402s9999 xx 000 0 und d
020 |c 49000 
082 |a 671.5 
082 |b Ch312 
100 |a Phạm, Huy Chính 
245 0 |a Hàn và cắt bằng hơi 
245 0 |c Phạm Huy Chính 
260 |a Hà Nội 
260 |b Xây dựng 
260 |c 2012 
520 |a Giới thiệu các vật liệu và thiết bị dùng để hàn và cắt bằng hơi. Khái quát về hàn hơi như: ngọn lửa hàn, công nghệ hàn hơi. Trình bày về công nghệ cắt bằng oxi, cắt bằng ôxi - chất trợ dung và một số dạng cắt bằng nhiệt 
650 |a Metal-cutting,Welding,Hàn kim loại,Cắt kim loại 
904 |i Hà Trang 
980 |a Trung tâm Học liệu Trường Đại học Cần Thơ